Různé mechanismy působení antiobezitik a jejich využití v praxi : shrnutí přednášek, které zazněly na XXX. kongresu České internistické společnosti konaném v termínu 8.-11.11.2023 v Brně

Korporativní autor: Česká internistická společnost ČLS JEP. Sjezd
Jazyk: Čeština
Vydáno: Praha : AT Mediprint, s.r.o., 2024
Témata:
Fyzický popis: 8 stran : barevné ilustrace ; 29 cm
Knihy
Uloženo v:
LEADER 01610nam a2200421 i 4500
001 nkc20243601071
003 CZ PrNK
005 20250818111231.0
007 ta
008 240412s2024 xr a f 100 0 cze
015 |a cnb003601071 
020 |a 978-80-88044-74-1  |q (brožováno) 
035 |a (OCoLC)1433649794 
040 |a OLA001  |b cze  |e rda 
072 7 |a 616  |x Patologie. Klinická medicína  |2 Konspekt  |9 14 
080 |a 616-056.257  |2 MRF 
080 |a 616-08:615.2/.3  |2 MRF 
080 |a (062.534)  |2 MRF 
245 0 0 |a Různé mechanismy působení antiobezitik a jejich využití v praxi :  |b shrnutí přednášek, které zazněly na XXX. kongresu České internistické společnosti konaném v termínu 8.-11.11.2023 v Brně 
264 1 |a Praha :  |b AT Mediprint, s.r.o.,  |c 2024 
300 |a 8 stran :  |b barevné ilustrace ;  |c 29 cm 
336 |a text  |b txt  |2 rdacontent 
337 |a bez média  |b n  |2 rdamedia 
338 |a svazek  |b nc  |2 rdacarrier 
500 |a Název z obálky 
504 |a Obsahuje bibliografii 
650 0 7 |a obezita  |7 ph123583  |2 czenas 
650 0 7 |a farmakoterapie  |7 ph134781  |2 czenas 
650 0 9 |a obesity  |2 eczenas 
650 0 9 |a pharmacotherapy  |2 eczenas 
655 7 |a sborníky konferencí  |7 fd133333  |2 czenas 
655 9 |a proceedings of conferences  |2 eczenas 
710 2 |a Česká internistická společnost ČLS JEP.  |b Sjezd  |n (30. :  |d 2023 :  |c Brno, Česko)  |7 olak20241222746  |4 aut 
910 2 |a BOA001  |b 4-1525.268 
990 |a BK 
995 |a 01 
991 |b 202405  |c NOV 
996 6 |b 2610967639  |c 4-1525.268  |l MZK  |r Sklad / do 1 hodiny  |n 0  |p p.v.  |w 001962574  |u 000010  |a 1  |e BOA001  |j MZK50  |s P